|
|
|
|
| LEADER |
00000nab a2200000 a 4500 |
| 001 |
vtls000760295 |
| 003 |
SK-MaSNL |
| 005 |
20260303205029.0 |
| 008 |
040806c2001 xo 0 slo |
| 015 |
|
|
|a SNBRB2001/06-18889
|
| 035 |
|
|
|a CLN000112082
|
| 040 |
|
|
|a SNKBUCL
|b slo
|c SNKBUCL
|e AACR2
|
| 041 |
0 |
|
|a slo
|
| 044 |
|
|
|a xo
|c SK
|
| 080 |
|
|
|a 657.37:340.13
|2 UDC-MRF-SK2
|
| 100 |
1 |
|
|a Vépyová, Mária,
|d 1953-
|4 aut
|9 200747
|
| 245 |
1 |
0 |
|a Spôsob zverejnenia spriaznených osôb v zmysle IAS 24
|c Mária Vépyová
|
| 630 |
0 |
7 |
|a Medzinárodný účtovný štandard IAS 24
|2 snkbucl
|9 1239261
|
| 650 |
0 |
7 |
|a účtovná závierka
|2 snkbucl
|9 59787
|
| 650 |
0 |
7 |
|a spriaznené osoby
|2 snkbucl
|9 101990
|
| 650 |
0 |
7 |
|a zverejňovanie údajov
|2 snkbucl
|9 58139
|
| 650 |
0 |
7 |
|a medzinárodné účtovné štandardy
|2 snkbucl
|9 70134
|
| 655 |
|
7 |
|a články z novín a časopisov
|2 snkbucl
|9 267496
|
| 773 |
0 |
|
|x 1335-2024
|t Účtovníctvo. Audítorstvo. Daňovníctvo v teórii a praxi
|g Roč. 9, č. mimoriadne (2001), s. 163-166
|
| 850 |
|
|
|a Slovenská národná knižnica v Martine
|
| 852 |
|
|
|a SNK
|b KIS3GCP
|
| 999 |
|
|
|c 2193321
|d 2195251
|